00223nam a2200097Ia 4500008004100000050002000041100001500061245002500076942000700101999001700108230915s9999 xx 000 0 und d aHD 30.22 .D 395 aDWIVED,D N 0aMANAGERIAL ECONOMICS cBK c75399d75399